The Academy of Experts (Record no. 120625)
[ view plain ]
| 000 -LEADER | |
|---|---|
| fixed length control field | 01213cai a22002175a 4500 |
| 001 - CONTROL NUMBER | |
| control field | L140080 |
| 008 - FIXED-LENGTH DATA ELEMENTS--GENERAL INFORMATION | |
| fixed length control field | 070904u xxk f 000 0 eng d |
| 035 ## - SYSTEM CONTROL NUMBER | |
| System control number | (Sirsi) u140080 |
| 041 0# - LANGUAGE CODE | |
| Language code of text/sound track or separate title | eng |
| 110 2# - MAIN ENTRY--CORPORATE NAME | |
| Corporate name or jurisdiction name as entry element | Academy of Experts |
| 9 (RLIN) | 3991 |
| 245 04 - TITLE STATEMENT | |
| Title | The Academy of Experts |
| Remainder of title | resource for expert witnesses and mediators |
| Medium | [electronic resource] |
| 520 ## - SUMMARY, ETC. | |
| Summary, etc. | Professional society which aims to promote the better use of expert witnesses and to ensure that a standard of excellence is maintained and developed. Members are drawn a wide range of professional, commercial and industrial disciplines from around the world. Includes Rules for Expert Determination, Model Form of Expert's Report and the Expert's Declaration (Statement of Truth). |
| 610 24 - SUBJECT ADDED ENTRY--CORPORATE NAME | |
| Corporate name or jurisdiction name as entry element | Academy of Experts |
| 9 (RLIN) | 3991 |
| 650 24 - SUBJECT ADDED ENTRY--TOPICAL TERM | |
| Topical term or geographic name entry element | EXPERT'S DECLARATION (STATEMENT OF TRUTH) |
| 650 24 - SUBJECT ADDED ENTRY--TOPICAL TERM | |
| Topical term or geographic name entry element | MODEL FORM OF EXPERT'S REPORT |
| 650 24 - SUBJECT ADDED ENTRY--TOPICAL TERM | |
| Topical term or geographic name entry element | RULES FOR EXPERT DETERMINATION |
| 651 #4 - SUBJECT ADDED ENTRY--GEOGRAPHIC NAME | |
| Geographic name | International |
| 690 ## - LOCAL SUBJECT ADDED ENTRY--TOPICAL TERM (OCLC, RLIN) | |
| Topical term or geographic name as entry element | MANAGEMENT-DISPUTE AVOIDANCE, MANAGEMENT AND RESOLUTION-DISPUTE MANAGEMENT AND RESOLUTION-EXPERT WITNESSES |
| 856 40 - ELECTRONIC LOCATION AND ACCESS | |
| Uniform Resource Identifier | <a href="https://www.academy-experts.org/default.htm">https://www.academy-experts.org/default.htm</a> |
| Public note | View this website free of charge at www.academy-experts.org... |
| 942 ## - ADDED ENTRY ELEMENTS (KOHA) | |
| Suppress in OPAC | 0 |
| Withdrawn status | Lost status | Source of classification or shelving scheme | Damaged status | Not for loan | Home library | Current library | Shelving location | Date acquired | Total Checkouts | Full call number | Barcode | Date last seen | Copy number | Price effective from | Koha item type |
|---|---|---|---|---|---|---|---|---|---|---|---|---|---|---|---|
| Dewey Decimal Classification | Virtual | Virtual | Online | 04/09/2007 | WEB-SITE | 140080-1001 | 06/08/2019 | 1 | 06/08/2019 | Online material |